Books for national development / (Record no. 93997)

MARC details
000 -LEADER
fixed length control field 00623nam a22001937a 4500
005 - DATE AND TIME OF LATEST TRANSACTION
control field 20240619124153.0
010 ## - LCCN (DPL NO)
LC control number ENG-113272
020 ## - INTERNATIONAL STANDARD BOOK NUMBER
Terms of availability 395.00
International Standard Book Number 9789381714379
035 ## - SYSTEM CONTROL NUMBER
System control number EN-96804
037 ## - SOURCE OF ACQUISITION
Source of stock number/acquisition DBAD/PUB
082 ## - DEWEY DECIMAL CLASSIFICATION NUMBER
Classification number 070.5
100 ## - MAIN ENTRY--PERSONAL NAME
Personal name Matane, Paulias
245 ## - TITLE STATEMENT
Title Books for national development /
Statement of responsibility, etc by Paulias Matane [and] M.L. Ahuja ; foreworded by Bhishma Narain Singh
260 ## - PUBLICATION, DISTRIBUTION, ETC. (IMPRINT)
Place of publication, distribution, etc Kolkata
Name of publisher, distributor, etc New Central Book Agency
Date of publication, distribution, etc 2013
270 ## - ADDRESS
Address 8/1 Chintamoni Das Lane
City Kolkata
Postal code 700009
300 ## - PHYSICAL DESCRIPTION
Extent x,268p.
Dimensions 23cm(pbk)
700 ## - ADDED ENTRY--PERSONAL NAME
Personal name Ahuja, M.L.
9 (RLIN) 67589
942 ## - ADDED ENTRY ELEMENTS (KOHA)
Source of classification or shelving scheme Dewey Decimal Classification
Item type English Books
Call number suffix MAT
Classification part 070.5
Holdings
Withdrawn status Lost status Not for loan Collection code Home library Current library Date acquired Source of acquisition Cost, normal purchase price Full call number Barcode Copy number Cost, replacement price Koha item type
      Non-fiction Central Library Central Library 27/05/2015 DBAD 395.00 070.5 MAT EN-96804 1 395.00 English Books

© Delhi Public Library
Hit Counter
free hit counter